Nuevos horizontes en los negocios / (Record no. 80091)

MARC details
000 -LEADER
campo de control de longitud fija 00880nam a2200241 i 4500
001 - NÚMERO DE CONTROL
campo de control 80091
003 - IDENTIFICADOR DE NÚMERO DE CONTROL
campo de control ES-MaACL
005 - FECHA Y HORA DE LA ÚLTIMA TRANSACCIÓN
campo de control 20230906174127.0
007 - CAMPO FIJO DE DESCRIPCIÓN FÍSICA--INFORMACIÓN GENERAL
campo de control de longitud fija t|
008 - DATOS DE LONGITUD FIJA--INFORMACIÓN GENERAL
campo de control de longitud fija 041026s1955 sp ||||1| spa d
100 1# - ENTRADA PRINCIPAL--NOMBRE DE PERSONA
Nombre de persona Hirsch, Julius.
9 (RLIN) 63807
245 10 - MENCIÓN DEL TÍTULO
Título Nuevos horizontes en los negocios /
Mención de responsabilidad, etc. un curso organizado por Julius Hirsch ; con una introducción por Lewis L. Lorwin ; prólogo de P. Prat Gaballí ; [versión española de Félix Monteagudo].
260 ## - PUBLICACIÓN, DISTRIBUCIÓN, ETC.
Lugar de publicación, distribución, etc. Barcelona :
Nombre del editor, distribuidor, etc. Hispano Europea,
Fecha de publicación, distribución, etc. 1955 (
Fabricante Sob. de López Robert)
300 ## - DESCRIPCIÓN FÍSICA
Extensión XII, 138 p. :
Otras características físicas il. ;
Dimensiones 21 cm.
490 1# - MENCIÓN DE SERIE
Mención de serie Galileo
700 1# - ENTRADA AGREGADA--NOMBRE PERSONAL
Nombre de persona Lorwin, Lewis L.
9 (RLIN) 74239
700 1# - ENTRADA AGREGADA--NOMBRE PERSONAL
Nombre de persona Prat Gaballí, Pedro (
Fechas asociadas al nombre 1885-1962)
9 (RLIN) 93676
700 1# - ENTRADA AGREGADA--NOMBRE PERSONAL
Nombre de persona Monteagudo, Félix.
9 (RLIN) 82423
830 0# - PUNTO DE ACCESO ADICIONAL DE SERIE-TÍTULO UNIFORME
Título uniforme Galileo
9 (RLIN) 182278
852 ## - LOCALIZACIÓN
Ubicación ES-MaACL
Número de control de estantería C-13555
Sublocalización o colección R.41408
852 ## - LOCALIZACIÓN
Ubicación ES-MaACL
Número de control de estantería C-24874
Sublocalización o colección R.53549
Holdings
Estatus retirado Estado de pérdida Estado de daño No para préstamo Biblioteca de origen Biblioteca actual Ubicación en estantería Fecha de adquisición Fuente de adquisición Total de préstamos Signatura topográfica completa Código de barras Visto por última vez Precio de reemplazo Tipo de ítem Koha
        Biblioteca del Ateneo de Madrid Biblioteca del Ateneo de Madrid Depósito 2 17/01/2008     C-24874 1083739 23/02/2023 23/02/2023 Libro impreso
        Biblioteca del Ateneo de Madrid Biblioteca del Ateneo de Madrid Sala Palomar 17/01/2008     C-13555 1083738 23/02/2023 23/02/2023 Libro impreso